All Landlocked Countries in the World on a Map - Statistics

General Stats
  • This quiz has been taken 215 times
    211 since last reset
  • The average score is 41 of 45
Answers on the Map
Answers color-coded by a green-red scale on the quiz's map according to % correct below.
 
Answer Stats
Country % Correct
Bolivia
96%
Czech Republic
96%
Mongolia
96%
Nepal
96%
Switzerland
96%
Austria
95%
Bhutan
95%
Niger
95%
Paraguay
95%
Uzbekistan
94%
Kyrgyzstan
93%
Mali
93%
Slovakia
93%
Vatican City
93%
Afghanistan
92%
Central African Republic
92%
Chad
92%
Hungary
92%
Lesotho
92%
Moldova
92%
Serbia
92%
Tajikistan
91%
Andorra
90%
Kazakhstan
90%
Kosovo
90%
Luxembourg
90%
Rwanda
90%
San Marino
90%
South Sudan
90%
Turkmenistan
90%
Armenia
89%
Belarus
89%
Laos
89%
Liechtenstein
89%
Zambia
89%
Zimbabwe
89%
North Macedonia
88%
Botswana
87%
Eswatini
87%
Uganda
87%
Burundi
84%
Malawi
84%
Burkina Faso
83%
Ethiopia
81%
Azerbaijan
79%
No matching quizzes found
Score Distribution
Percent of People with Each Score
Percentile by Number Answered
Your Score History
You have not taken this quiz since the last reset